| 000 | 00701nam a2200229 a 4500 | ||
|---|---|---|---|
| 005 | 20140310183446.0 | ||
| 008 | 081002s19uu xx 00 eng d | ||
| 020 | _a9781416029137 | ||
| 050 |
_aRT 86.3 _b.Ar64 2007 |
||
| 100 | _aArnold, Elizabeth C. | ||
| 245 |
_aInterpersonal relationships : _bprofessional communication skills for nurses. _cElizabeth C. Arnold. |
||
| 250 | _a5th ed. | ||
| 260 |
_aSt. Louis, Missouri : _bSaunders Elsevier, _c2007. |
||
| 300 |
_a555 p. : _c27 cm. |
||
| 521 | _aNUR | ||
| 650 | _aNursing Books. | ||
| 650 | _aNurse and patient. | ||
| 650 | _aInterpersonal communication. | ||
| 700 | _aBoggs, Kathleen Underman | ||
| 942 |
_cBK _2lcc _kFOR |
||
| 999 |
_c23245 _d23245 |
||